Phân tích các nhân tố ảnh hưởng đến quyết định mua sữa bột trẻ em tại thành phố Cần Thơ : Luận văn tốt nghiệp cao học. Chuyên ngành Quản trị kinh doanh

Nghiên cứu khái quát thị trường sữa bột trẻ em tại thành phố Cần Thơ; Phân tích các nhân tố ảnh hưởng đến quyết định mua sữa bột trẻ em thương hiệu Việt Nam và thương hiệu nước ngoài tại thành phố Cần Thơ; Đề xuất một số khuyến...

Full description

Saved in:
Bibliographic Details
Main Author: Trần, Mai Phương Thảo
Format: Book
Language:Undetermined
Published: Cần Thơ Trường Đại học Cần Thơ 2016
Subjects:
Tags: Add Tag
No Tags, Be the first to tag this record!
Institutions: Trung tâm Học liệu Trường Đại học Cần Thơ
LEADER 01575nam a2200229Ia 4500
001 CTU_209566
008 210402s9999 xx 000 0 und d
082 |a 658.8 
082 |b Th108 
088 |a 60340102 
100 |a Trần, Mai Phương Thảo 
245 0 |a Phân tích các nhân tố ảnh hưởng đến quyết định mua sữa bột trẻ em tại thành phố Cần Thơ : 
245 0 |b Luận văn tốt nghiệp cao học. Chuyên ngành Quản trị kinh doanh 
245 0 |c Trần Mai Phương Thảo ; Bùi Văn Trịnh (Hướng dẫn khoa học) 
260 |a Cần Thơ 
260 |b Trường Đại học Cần Thơ 
260 |c 2016 
520 |a Nghiên cứu khái quát thị trường sữa bột trẻ em tại thành phố Cần Thơ; Phân tích các nhân tố ảnh hưởng đến quyết định mua sữa bột trẻ em thương hiệu Việt Nam và thương hiệu nước ngoài tại thành phố Cần Thơ; Đề xuất một số khuyến nghị để các nhà sản xuất sữa trong nước có thể đáp ứng tốt hơn nhu cầu của người tiêu dùng, kích thích người tiêu dùng ưu tiên lựa chọn sữa nội thay vì sữa ngoại 
650 |a Thị trường,Markets 
650 |x Nghiên cứu,Research 
904 |i Trần Thị Hồng Ngọc (Nguyên) 
980 |a Trung tâm Học liệu Trường Đại học Cần Thơ